000 00725nas a2200241 4500
001 BR9206736
003 BR-BrBNA
005 20231205092949.0
007 ta
008 230509b bl.|||p| |||| 00| 00por d
040 _aBR-BrBNA
_bpor
_cBiblioteca Nacional de Agricultura
041 _a(Pt)
072 _aF30
100 1 _aFilgueira, F.A.R.
245 1 _aCriacao de linhagens autofecundadas de pepino (Cucumis sativus L.), do grupo caipira
650 _aPEPINO
650 _aLINHAGEM
650 _aAUTOFECUNDACAO
650 _aMELHORAMENTO GENETICO VEGETAL
773 0 _tRevista de Olericultura (Brazil)
_x
_g(1979), (no. 17) p. 5-11
_wBR9206736
909 _a202311
_bLúcia
_c55
_dLúcia Elande
942 _2AGRIS
_n0
_cANA
999 _c135418
_d135418